[Event "Corus"]
[Site "Wijk aan Zee"]
[Date "2007.01.20"]
[Round "7"]
[White "Carlsen, Magnus"]
[Black "Svidler, Peter"]
[Result "0-1"]
[WhiteElo "2690"]
[BlackElo "2728"]
[Annotator "Marin,M"]
[PlyCount "94"]
[EventDate "2007.01.13"]
[EventType "tourn"]
[EventRounds "13"]
[EventCountry "NED"]
[EventCategory "19"]
[SourceTitle "CBM 117"]
[Source "ChessBase"]
[SourceDate "2007.03.30"]
[SourceVersion "1"]
[SourceVersionDate "2007.03.30"]
[SourceQuality "1"]

1. e4 e5 2. Nf3 Nc6 3. Bb5 a6 4. Ba4 Nf6 5. O-O Be7 6. Re1 b5 7. Bb3 O-O 8. a3
Bc5 $5 {This move certainly looks like a loss of tempo. However, since this
tempo was used by White to play the modest move a3, Black's position should be
entirely viable.} 9. c3 d6 10. d4 Bb6 11. Be3 h6 12. h3 {After this
prophylactic move, Black will have to develop his bishop to b7 sooner or later.
This will transpose to the Arhangelsk variation, where the presence of the
pawn on a3 instead of a2 makes little or no difference.} Re8 ({In the
Arhangelsk, after} 12... Bb7 13. Nbd2 {one of the main line goes} exd4 14. cxd4
{and now 14...Nb4, which is impossible in the given circumstances of our
present game. This is the only moment when the move a3 seems to be useful, but
Black has other viable continuations at his disposal.}) 13. Nbd2 Bb7 14. dxe5
$146 {Technically speaking, a novelty in the position with the pawn on a3 and
a very rare move in the Arhangelsk.} ({Svidler must have got his inspiration
from the following game, where he had White:} 14. Bc2 {This move is possible
because the typical counterplay based on exd4 followed by ...Nb4 is impossible.
In the Arhangelsk, only few games with this move are available.} Nb8 15. dxe5
dxe5 16. Bxb6 cxb6 17. a4 bxa4 18. Bxa4 b5 19. Bb3 Nbd7 20. Qe2 Nc5 21. Bc2 Qc7
22. Qe3 a5 23. Nh4 Rad8 24. Nf5 Bc8 25. Nf3 Bxf5 26. exf5 b4 $132 {Svidler,P 
(2765)-Leko,P (2740)/Monte Carlo 2006/CBM 111 ext (1/2-1/2, 46)}) ({The main
moves in the Arhangelsk are} 14. d5 {followed by Bxb6}) ({and} 14. Qb1) 14...
dxe5 15. Bxb6 cxb6 16. Nh2 Qe7 17. Ng4 Rad8 $11 {Black has succesfully solved
his opening problems.} 18. Nxf6+ Qxf6 19. Qe2 Na5 20. Ba2 Bc8 21. Nf1 Qg6 22.
Kh2 Be6 23. Bxe6 Rxe6 {By maintaining the e4-pawn under pressure, Black
prevents the transfer of the enemy knight to d5.} (23... Qxe6 24. Ne3 $14) 24.
a4 $2 {A curious mistake.} (24. Rad1 $11) 24... Nb3 25. Rad1 $6 (25. Ra3 bxa4
26. Rxa4 Nc5 27. Ra2 Red6 $15) 25... Rxd1 26. Rxd1 bxa4 $17 {Black is just a
pawn up.} 27. Qxa6 Qxe4 28. Qc8+ Kh7 29. Rd8 Qf4+ 30. Ng3 Nd2 31. h4 Qxh4+ 32.
Kg1 e4 33. Rxd2 e3 34. Rd3 Qf4 35. Rxe3 Rxe3 36. fxe3 Qxg3 37. Qf5+ Qg6 38. Qd5
Qe6 39. Qd4 g6 40. Qxa4 Qxe3+ 41. Kh2 h5 42. Qd1 Kg7 43. Qd6 f6 44. Qc7+ Kh6
45. b4 Kg5 46. Qc6 Qe5+ 47. Kg1 b5 0-1

[Event "Corus"]
[Site "Wijk aan Zee"]
[Date "2007.01.27"]
[Round "12"]
[White "Karjakin, Sergey"]
[Black "Carlsen, Magnus"]
[Result "1/2-1/2"]
[WhiteElo "2678"]
[BlackElo "2690"]
[Annotator "Ftacnik,L"]
[PlyCount "70"]
[EventDate "2007.01.13"]
[EventType "tourn"]
[EventRounds "13"]
[EventCountry "NED"]
[EventCategory "19"]
[SourceTitle "CBM 117"]
[Source "ChessBase"]
[SourceDate "2007.03.30"]
[SourceVersion "1"]
[SourceVersionDate "2007.03.30"]
[SourceQuality "1"]

1. e4 e5 2. Nf3 Nc6 3. Bb5 a6 4. Ba4 Nf6 5. O-O Nxe4 6. d4 b5 7. Bb3 d5 8. dxe5
Be6 9. Nbd2 Be7 10. c3 O-O 11. Bc2 f5 12. Nb3 Qd7 13. Nbd4 Nxd4 14. Nxd4 c5 15.
Nxe6 Qxe6 16. f3 Ng5 17. a4 Rad8 18. axb5 axb5 19. Bxg5 Bxg5 20. f4 Be7 21. Kh1
{The two youngest participants have courageously entered the discussion of the
position, that became very topical lately.} Kh8 (21... c4 22. Qd4 Qc6 23. b4 $1
cxb3 24. Bxb3 Kh8 25. Ra5 Rc8 26. Bxd5 Qxc3 27. Qxc3 Rxc3 28. Rxb5 {1/2
Volokitin,A (2660)-Harikrishna,P (2680)/Foros 2006/ (90)}) (21... Qb6 22. b3 (
22. Qf3 d4 23. cxd4 {1/2 Fedorov,A (2614)-Atalik,S (2632)/Malmo 2006/}) 22...
d4 23. c4 bxc4 24. bxc4 Qb7 25. Bd3 {1/2 Karjakin,S (2672)-Fressinet,L (2640)/
Cap d'Agde 2006/ (44)}) 22. Qd3 (22. Ra7 d4 23. cxd4 Rxd4 24. Qf3 Rd2 25. Rf2
Rd7 26. Rxd7 Qxd7 27. h3 c4 28. g4 g6 29. gxf5 {1/2 Polgar,S (2480)-Unzicker,W
(2460)/Bad Homburg 1996/}) 22... Qb6 {Carlsen had a direct experience from the
game against Krasenkow. Leading white pieces he had developed really dangerous
attack.} (22... Qc6 23. Rfd1 c4 (23... d4 24. c4) 24. Qf3 g6 (24... b4 25. cxb4
Bxb4 26. Rd4 Bc5 $2 27. Rxc4) 25. b4 Rd7 26. Qe3 Ra8 27. Qd4 Rdd8 28. g4 Rxa1
29. Rxa1 Ra8 30. Rg1 Bd8 31. e6+ Kg8 32. gxf5 Bb6 33. Qe5 Bxg1 34. fxg6 hxg6
35. Bxg6 Bb6 {1/2 Carlsen,M (2646)-Krasenkow,M (2650)/Tromsoe 2006/ (44)}) 23.
g4 c4 (23... d4 24. gxf5 c4 25. Qe4 d3 26. Bd1 Qh6 27. Ra7 Bc5 {1/2 Fedorov,A 
(2617)-Delchev,A (2628)/Predeal 2006/ (38)}) 24. Qh3 Qc6 (24... d4 25. Bxf5 g6
(25... Qc6+ 26. Qg2) 26. Be4 Qe6 27. Qg3 $16) 25. Qg2 (25. Bxf5 g6 26. Bc2 (26.
Bb1 d4+ 27. Qg2 Qxg2+ 28. Kxg2 d3 $44) 26... d4+ 27. Qg2 (27. Kg1 $4 d3) 27...
Qxg2+ 28. Kxg2 dxc3 29. bxc3 Rd2+ 30. Rf2 Rxf2+ 31. Kxf2 Rxf4+ $11) (25. gxf5
d4+ 26. Qg2 Qxg2+ 27. Kxg2 d3 28. Bd1 Rxf5 $11) 25... fxg4 26. f5 Bc5 $6 {
The critical position of the whole game was asking for the defender's full
attention. It seems a bit absurd, that the best solution layed in the advance
of the pawn to the g3 squre.} (26... Qc7 27. f6 $1 (27. Rae1 d4) 27... gxf6 28.
Qxg4 fxe5 (28... Qxe5 29. Rfe1) (28... Bc5 29. exf6 d4 30. Be4 $14) 29. Bxh7 $1
Bg5 (29... Kxh7 30. Qh5+ Kg7 31. Rg1+) 30. Bg6 Bh6 31. Qh5 Qg7 32. Rg1 $18) (
26... g3 $1 27. Rf3 (27. hxg3 Qh6+ 28. Qh2 Qxh2+ 29. Kxh2 d4) (27. Rae1 Qh6 28.
Qxg3 Bh4 $17) (27. f6 gxf6 28. Bxh7 fxe5 $1) (27. Qxg3 $2 d4+ 28. Qg2 Qxg2+ 29.
Kxg2 d3 30. Bd1 Rd5) 27... d4 28. cxd4 Rxd4 29. Rxg3 Qxg2+ 30. Rxg2 Rfd8 $11)
27. Qxg4 Rde8 (27... d4+ 28. Be4 Qc7 29. f6 gxf6 30. exf6 $14) 28. f6 $1 (28.
Rae1 d4+ 29. Be4 Qc7 30. f6 Rxe5 31. cxd4 Bxd4 32. Rd1 Rxe4 33. fxg7+ Qxg7 34.
Rxf8+ Qxf8 35. Qxe4 Bxb2 $11) 28... gxf6 29. Bxh7 $1 Rxe5 (29... Kxh7 30. Qh5+
Kg7 31. Rg1+ Bxg1 32. Rxg1#) 30. Bf5 $2 {Karjakin pays back to his opponent
with the unexact solution. Most likely the fine idea 30.Bg6! would have won.} (
30. Bg6 $1 Qb7 (30... d4+ 31. Rf3 Qb7 32. Rg1 $18) 31. Bf5 $1 Rf7 (31... d4+
32. Rf3 Rxf5 33. Qxf5 $18) 32. Rf3 Rg7 33. Qh3+ $1 Kg8 34. Be6+ $18) 30... Rf7
(30... Rg8 31. Qh5+ Kg7 32. Qh7+ Kf8 33. Bd7 $1 $18) (30... d4+ 31. Rf3 Rg8 32.
Qh5+ (32. Qh4+ Kg7 33. Be4 $1 Rxe4 34. Rg1+ Kf7 $1 35. Qh7+ Ke6 36. Rxf6+ $1
Kxf6 37. Qh6+ Ke7 38. Qxc6 Rxg1+ 39. Kxg1 Re5 $11) 32... Kg7 33. Qg6+ Kf8 34.
Ra8+ $1 Qxa8 (34... Ke7 $6 35. Qh7+ Kd6 36. Be4 $1 Rxe4 37. Qxg8 Re8 $1 38.
Qg3+ Kd7 39. Rxe8 Kxe8 40. Qg6+ $16) 35. Qxf6+ Ke8 36. Qxe5+ Kd8 37. Bg4 $1 (
37. Be4 $4 Qa1+ $19) 37... Rf8 $1 (37... Qa1+ $2 38. Kg2 Rxg4+ 39. Kh3 Qg1 40.
Qb8+ $18) (37... Rxg4 38. Qh8+ $18) 38. Qxc5 Qa1+ (38... Rxf3 39. Qxd4+ Ke7 40.
Bxf3 Qxf3+ 41. Kg1 $16) 39. Kg2 Qxb2+ 40. Kg3 Rxf3+ 41. Bxf3 Qxc3 42. Qd6+ $16)
31. Rae1 {More troublesome for the defender was the move with the other rook
as the one on a1 was ready in a good firing location.} (31. Rf3 Rg7 32. Rh3+
Kg8 33. Ra8+ $1 (33. Qh5 $2 d4+ 34. Qf3 Qxf3+ 35. Rxf3 d3 $19) (33. Qf3 Re3 $19
) 33... Qxa8 34. Be6+ Rxe6 (34... Kf8 35. Rh8+ Ke7 36. Qxg7+ Kxe6 37. Qg4+ $1 (
37. Rxa8 $2 Re1+ 38. Kg2 Rg1+ $19) 37... Kd6 38. Rxa8 Re1+ 39. Kg2 Rg1+ 40. Kf3
Rxg4 41. Kxg4 $18) 35. Qxe6+ Rf7 36. Qg4+ Rg7 37. Qe6+ Rf7) (31. Rfe1 $1 d4+ (
31... Bb6 32. Qh5+ Kg8 33. Qg6+ Rg7 (33... Kf8 34. Rxe5) 34. Be6+ $1 Rxe6 (
34... Qxe6 35. Ra8+) 35. Rxe6 Rxg6 36. Rxc6 $18) (31... Rg7 32. Qh3+ Kg8 33.
Rxe5 fxe5 34. Be6+ $18) 32. Be4 Rxe4 (32... Qe6 $2 33. Ra8+ $18) 33. Rxe4 d3
34. Qg2 Rh7 35. Rae1 Bf8 36. Rg1 Qd5 $14) 31... d4+ 32. Be4 Qe6 33. Bf5 (33.
Qh4+ Kg7 $1 (33... Kg8 $2 34. Qh6 $1 Bf8 35. Rg1+ Bg7 36. Ra1 $16) 34. Rg1+ Kf8
35. Qh8+ Ke7 36. Rg8 Qd7 $13) 33... Qc6+ 34. Be4 {Karjakin decided to accept
the draw with move repetition as the continuation of the attack was not
promissing concrete results.} Qe6 35. Bf5 Qc6+ 1/2-1/2

[Event "Morelia/Linares 24th"]
[Site "Morelia/Linares"]
[Date "2007.02.17"]
[Round "1"]
[White "Carlsen, Magnus"]
[Black "Morozevich, Alexander"]
[Result "1-0"]
[WhiteElo "2690"]
[BlackElo "2741"]
[Annotator "Marin,M"]
[PlyCount "135"]
[EventDate "2007.02.17"]
[EventType "tourn"]
[EventRounds "14"]
[EventCountry "ESP"]
[EventCategory "20"]
[SourceTitle "CBM 117"]
[Source "ChessBase"]
[SourceDate "2007.03.30"]
[SourceVersion "1"]
[SourceVersionDate "2007.03.30"]
[SourceQuality "1"]

1. d4 Nf6 2. c4 g6 3. g3 Bg7 4. Bg2 O-O 5. Nc3 d6 6. Nf3 c5 ({This move order
presents a series of minor advantages over the more popular} 6... Nc6 7. O-O a6
8. d5 Na5 9. Nd2 c5 10. Qc2 e5 {. First of all, White's centre is submitted to
less pressure after 6...Nc6, offering White a wider choice of systems on the
8th move. The second aspect will become clear later.}) 7. O-O Nc6 8. d5 ({
The main drawback of this variation is that White can retain a tiny edge
without any risk by means of} 8. dxc5 {. However, the critical line against
both 6...Nc6 and 6...c5 remains the advance of the d-pawn.}) 8... Na5 9. Nd2 e5
10. b3 Ng4 {This is Black's additional possibility compared to the 6...Nc6
lines. Black decides to start his kingside play without "wasting time" with ...
a6, ...Rb8 and ...b5. Leaving the a5-knight out of play for such a long time
is a very risky decision, but it seems to suit Morozevich' original and
enterprising style of play.} 11. h3 ({Generally speaking, White should avoid
such weakening moves, unless he has something concrete in mind. A classical
brilliant game went} 11. e4 f5 12. exf5 e4 13. f6 Nxf6 14. Ndxe4 $1 Nxe4 15.
Nxe4 Bxa1 16. Bg5 Bf6 17. Nxf6+ Rxf6 18. Qa1 Kf7 {Now, after the quiet move}
19. Re1 $3 {Black found it difficult to defend against the threats Re3-f3 or
Qc3 and if ...b6 then Re6! in Geller-Velimirovic, Havana 1971.}) 11... Nh6 12.
Nde4 {This novelty is a logical consequence of the previous move. With the
provocative knight jump to the centre, White aims to take advantage of Black's
temporary lack of coordination by energetical means.} f6 ({Black intends to
consolidate with ...Nf7. The generally desirable} 12... f5 {is met by} 13. Ng5
{, taking advantage of the weakness of the light squares in Black's camp.}) 13.
Nxd6 $5 {There was no way back already. If Black was allowed to carry out his
planned regroupment (...Nf7 folowed by ...f5), White's previous play would
simply become pointless.} Qxd6 14. Ne4 Qd8 15. Nxc5 {White's compensation for
the sacrificed piece is out of question. The a5-knight did not improve its
situation any bit, while the white central pawns look threatening.} f5 $5 ({
Morozevich chooses to return the material "with interest", for the sake of
rapidly completing his development.} 15... Nf7 $2 {would have been bad because
of} 16. Ne6 Bxe6 17. dxe6 Nd6 18. e7 Qxe7 19. Qd5+ {with a more advantageous
position for White than in the game. However, 15...Nf5 or 15...Qc7 are worth
investigating.}) ({In case of, say} 15... Qc7 {play would have a less concrete
character than in the game, but the passive position of the a5-knight would
have provided White with excellent compensation.} 16. Ba3 Rd8 {[%cal Gg7f8]}
17. Nd3 f5 18. Qc2 $44 {[%csl Ga5][%cal Ya1d1,Yg1h2,Ye2e4]} (18. Rc1 Nc6 $5 {
[%cal Yd8d1]}) (18. e4 fxe4 {[%csl Gh3]}) 18... e4 19. Nf4 Bxa1 $6 20. Rxa1 $40
{[%csl Ga5][%cal Yb2h8,Ra3b2,Rc2c3]}) 16. d6 ({Actually, even here White could
refrain from winning the piece back, in order to maintain his strong centre of
pawns and keep the a5-knight out of play.} 16. Ba3 e4 17. Rc1 $44) 16... e4 17.
d7 Nf7 18. Rb1 Qe7 19. dxc8=Q Raxc8 20. Na4 Rfd8 21. Qe1 Nc6 {Generally
speaking, Black can be content with the outcome of the opening. He is much
better developed and has considerable advantage of space. Besides, the
g2-bishop will remain passive for a long time. However, White's position has
no weaknesses, which gives him hope to repell the first wave of Black's
initiative and retain the small material advantage. From this point of view,
Carlsen's play in the next phase of the game deserves the highest praise.} 22.
Nc3 Nd4 23. Bb2 ({The hurried activation of the knight with} 23. Nd5 {could
have been met by} Rxd5 $5 24. cxd5 Rc2 $44 {with very active play for Black.})
23... b5 24. Nd5 Qd6 $6 {There are several things to reproach to this move.
The queen fails to increase the pressure against the c4-pawn and to support
the central knight (or bishop after Bxd4, Bxd4) and will be slightly exposed.}
(24... Qc5 $5 25. Bxd4 Bxd4 26. e3 Be5 27. Rc1 bxc4 28. bxc4 Rb8 $44 {Black
cannot be worse here.}) 25. Bxd4 Bxd4 26. Rd1 Be5 27. Qa5 bxc4 28. Ne3 $1 Qc7
29. Qxc7 Bxc7 30. Nxc4 {White has activated his position a lot.} Ne5 31. Rxd8+
Rxd8 32. Rc1 Nxc4 33. Rxc4 {Only a dozen of moves have passed since the
previous diagrammed position and we can see that White has fulfilled all the
programmed tasks. He has provoked mass exchanges and retained the extra-pawn
at the same time. Even so, it is highly questionable whether he has real
winning chances, because of Black's persisting advantage of space and the
presence of the opposite coloured bishops.} Rd1+ 34. Bf1 Bd6 35. e3 a5 36. Kg2
Kf7 37. Rc2 Ke7 38. Be2 Rd5 39. Bc4 Rd1 40. g4 f4 $2 {A blunder just before
the first time control. Morozevich must have overlooked White's 43rd move.} ({
Any neutral move such as} 40... Kf6 {would have maintained Black's drawing
chances intact. His considerable advantage of space would have restricted
White's active possibilities.}) 41. exf4 Bxf4 42. Re2 Rd4 43. Bd3 $3 {With
this unexpected tactical resource, White wins a second pawn.} Kf6 (43... Rxd3
44. Rxe4+ {leads to a hopeless rook ending.}) 44. Bxe4 Rd2 45. Rxd2 Bxd2 46.
Kg3 Be1 47. Kf3 Bb4 48. h4 h6 49. Ke2 Bd6 ({Morozevich' plan is hard to
understand. The best chance for survival was blocking the white pawns on light
squares with} 49... g5 {when White still needs to prove a winning plan. See
the comment on the next move.}) 50. Kd3 Bc5 ({This was the last moment when
Black could play} 50... g5 {It turns out that White is winning, but certain
technical effort is needed still.} 51. h5 $1 {This is a dangerous candidate to
promotion. Black faces severe problems defending both his wings. For instance,
if the king guards the queenside majority (orpassed pawn), allowing the white
king get to g6, the bishopcouldnot defend the h6-pawn for too long. (...Bf8 is
met by Kg8 followed by Kg7). Black has to permanently count with a double pawn
break on the kingside.} Ke5 52. f3 Bb4 53. Kc4 Ba3 (53... Kd6 54. f4 $1 gxf4 (
54... Bd2 55. f5 $18 {is relatively easy. Black cannot fight against two
remote passed pawns.}) 55. g5 hxg5 56. h6 Ba3 57. b4 $1 Bb2 (57... axb4 58. Kb3
$1 $18 {and the h-pawn promotes.}) 58. bxa5 Kc7 {It should be mentioned that
in certain cases, if White would have only one passedpawn on the a-file and
the black king could get to h8, the position would be a draw. Black would just
give up his bishop for the a-pawn when needed.} 59. Bf3 Kb8 60. Kd5 Ka7 61. Ke6
Ka6 62. Kf5 Kxa5 63. Kxg5 Kb4 64. Kg4 (64. Kxf4 $2 Bc1+ 65. Kf5 Bxh6 $11) 64...
Ka3 65. Bd5 Be5 66. h7 Kb4 67. Kf5 Bh8 68. Kxf4 $18) 54. Kb5 Bb4 55. Ka4 Bd2
56. a3 Kd6 57. Kb5 Be1 58. b4 axb4 59. axb4 Bd2 60. Kc4 Bc1 (60... Be1 61. f4
gxf4 62. g5 $18) 61. Bd5 $1 {/\Kd4-e4, קh6. A typical method of restricting
the enemy king.} Bf4 (61... Bb2 62. b5 $18) (61... Be3 62. Kd3 $18 {[%cal
Yd3e4] /\Ke4}) 62. Kd4 Bd2 63. b5 Ba5 64. Ke4 Bb6 65. Bc4 $18 {[%csl Gd6][%cal
Ye4g6,Yg6h6,Rc4g8]}) 51. f4 h5 52. g5+ Kg7 53. Kc4 {This move marks the fiasco
of Black's play in the endgame. Although he has managed to block the enemy
pawns on dark squares and make them vulnerable, the white king has been given
enough time to get activated. Black's counterplay will be too slow.} Bd6 54.
Kb5 Bxf4 55. Kxa5 Bg3 56. Kb5 Bxh4 57. a4 Bxg5 58. a5 Kf6 59. a6 Be3 60. Kc6 g5
61. b4 Ke5 62. b5 Kxe4 63. b6 g4 64. a7 g3 65. a8=Q Kf3 66. b7 Bf4 67. Qf8 Ke4
68. Qe8+ 1-0